Biggest Cities in Oman and Yemen - Statistics

General Stats
  • This quiz has been taken 69 times
  • The average score is 9 of 40
Answers on the Map
Answers color-coded by a green-red scale on the quiz's map according to % correct below.
 
Answer Stats
Population Country City % Correct
1,937,562 Yemen Sanaa
96%
797,111 Oman Muscat
92%
550,713 Yemen Aden
82%
615,333 Yemen Ta`izz
51%
163,251 Oman Salalah
49%
234,948 Yemen Ibb
43%
617,982 Yemen Al Hudaydah
35%
258,243 Yemen Mukalla
31%
108,385 Oman Sohar
31%
160,225 Yemen Dhamar
29%
237,927 Oman Seeb
29%
71,263 Oman Sur
29%
72,187 Oman Nizwa
27%
101,751 Oman Ibri
20%
51,981 Yemen Sa’dah
20%
90,903 Yemen Amran
18%
25,376 Oman Ibra
18%
37,932 Yemen Al Bayda
16%
79,494 Oman Rustaq
16%
69,515 Yemen Sayyan
16%
81,758 Oman Barka
14%
52,701 Yemen Zabid
14%
73,781 Oman Al Buraymi
12%
50,334 Oman Al Khaburah
12%
37,426 Yemen Ataq
12%
54,449 Oman Bahla
12%
159,598 Oman Bawshar
12%
48,120 Oman Shinas
12%
48,329 Yemen Bajil
10%
36,314 Oman Izki
10%
89,438 Oman Saham
10%
107,254 Oman As Suwayq
8%
43,660 Yemen Hajjah
8%
23,486 Yemen Lahij
8%
26,483 Oman Liwa
8%
33,161 Yemen Yarim
8%
34,315 Yemen Bayt al Faqih
6%
38,108 Yemen Dhi as Sufal
4%
31,970 Yemen Sahar
4%
47,829 Oman Sufalat Sama’il
4%
No matching quizzes found
Score Distribution
Percent of People with Each Score
Percentile by Number Answered
Your Score History
You have not taken this quiz